| 000 | 01553namaa22003371i 4500 | ||
|---|---|---|---|
| 003 | EG-GICUC | ||
| 005 | 20260505145055.0 | ||
| 008 | 260505m1974 iq ||||jr|||| 000 0 ara d | ||
| 040 |
_aEG-GiCUC _bara _cEG-GiCUC _dEG-GiCUC _erda |
||
| 082 | 0 | 4 |
_221 _a811 _bH425 |
| 092 | 0 | 4 |
_221 _a811 _bH425 |
| 099 | _a811 H425 | ||
| 100 | 0 |
_aحيص بيص، سعد بن محمد، _d-1179 _eمؤلف. |
|
| 245 | 1 |
_aديوان الأمير شهاب الدين أبى الفوارس سعد بن محمد بن سعد بن الصيفى التميمى البغدادى المعروف ب (حيص بيص) / _cحققه وضبط كلماته وشرحها وكتب مقدمته مكى السيد جاسم وشاكر هادى شكر |
|
| 264 |
_aبغداد ( العراق) : _bمنشورات وزارة الاعلام، _c1974- |
||
| 300 |
_a؛ 2 مجلد _b. _c24 سم |
||
| 336 |
_2rdacontent _atext |
||
| 337 |
_2rdamedia _aUnmediated |
||
| 338 |
_2rdacarrier _avolume |
||
| 490 |
_aسلسلة كتب التراث ؛ _v32-33 |
||
| 500 | _aالمكتبة تقتنى المجلد الاول والثانى فقط | ||
| 504 | _aيشتمل على ارجاعات ببليوجرافية | ||
| 541 |
_aد. جابر عصفور ؛ _bالقاهرة ؛ _cإهداء ؛ _d2024. |
||
| 650 | 1 | 7 |
_aالشعر العربى _2qrmak |
| 650 | 1 | 7 |
_aالشعر العربى _xدواوين وقصائد _2qrmak |
| 651 | 1 | _2qrmak | |
| 700 | 1 |
_aجاسم، مكى السيد _eمحقق. |
|
| 700 | 1 |
_aشكر، شاكر هادى _eمحقق. |
|
| 905 | _aHuda | ||
| 942 |
_2ddc _cBK _e21 _n0 |
||
| 999 |
_c180005 _d180005 |
||